Normal view
MARC view
- Rewinding and reconnecting of fractional-Horsepower motors
Entry Topical Term
001 - CONTROL NUMBER
- control field: 113781
003 - CONTROL NUMBER IDENTIFIER
- control field: NUST
005 - DATE AND TIME OF LATEST TRANSACTION
- control field: 20230721110240.0
008 - FIXED-LENGTH DATA ELEMENTS
- fixed length control field: 230721|| aca||aabn | a|a d
040 ## - CATALOGING SOURCE
- Original cataloging agency: NUST
- Transcribing agency: NUST
150 ## - HEADING--TOPICAL TERM
- Topical term or geographic name entry element: Rewinding and reconnecting of fractional-Horsepower motors
670 ## - SOURCE DATA FOUND
- Source citation: Work cat.: (NUST)180580: Smith, A. G. 113779, Rewinding and reconnecting of fractional-horsepower motors /, 1944
